The two Babylons : (Record no. 10889)

MARC details
000 -LEADER
fixed length control field 01101cam a22002651 4500
001 - CONTROL NUMBER
control field 8389869
003 - CONTROL NUMBER IDENTIFIER
control field AUA.1
005 - DATE AND TIME OF LATEST TRANSACTION
control field 20140116101344.0
008 - FIXED-LENGTH DATA ELEMENTS--GENERAL INFORMATION
fixed length control field 750813s1953 xx 000 0 eng
010 ## - LIBRARY OF CONGRESS CONTROL NUMBER
LC control number 54039027
035 ## - SYSTEM CONTROL NUMBER
System control number (OCoLC)1544235
040 ## - CATALOGING SOURCE
Original cataloging agency DLC
Transcribing agency F
Modifying agency OCoLC
-- TQG
-- DLC
050 00 - LIBRARY OF CONGRESS CALL NUMBER
Classification number BX 1765
Item number .H45 1948
082 ## - DEWEY DECIMAL CLASSIFICATION NUMBER
Classification number 282
Edition number 21
100 1# - MAIN ENTRY--PERSONAL NAME
Personal name Hislop, Alexander,
Dates associated with a name 1807-1865.
9 (RLIN) 39404
245 14 - TITLE STATEMENT
Title The two Babylons :
Remainder of title or, The papal worship proved to be the worship of Nimrod and his wife.
Statement of responsibility, etc With 61 woodcut illus. from Ninevah, Babylon, Egypt, Pompeii, etc.
260 ## - PUBLICATION, DISTRIBUTION, ETC. (IMPRINT)
Place of publication, distribution, etc New York,
Name of publisher, distributor, etc Loizeaux Bros.
Date of publication, distribution, etc [1948]
300 ## - PHYSICAL DESCRIPTION
Extent 330 p.
Other physical details illus.
Dimensions 22 cm.
504 ## - BIBLIOGRAPHY, ETC. NOTE
Bibliography, etc Includes bibliographical references and index.
610 20 - SUBJECT ADDED ENTRY--CORPORATE NAME
Corporate name or jurisdiction name as entry element Catholic Church
General subdivision Controversial literature.
9 (RLIN) 39405
650 #0 - SUBJECT ADDED ENTRY--TOPICAL TERM
Topical term or geographic name as entry element Papacy.
9 (RLIN) 39406
906 ## - LOCAL DATA ELEMENT F, LDF (RLIN)
a 7
b cbc
c oclcrpl
d u
e ncip
f 19
g y-gencatlg
942 ## - ADDED ENTRY ELEMENTS (KOHA)
Source of classification or shelving scheme Library of Congress Classification
Koha item type Books
Classification part BX 1765
Item part .H45 1948
Holdings
Withdrawn status Lost status Source of classification or shelving scheme Damaged status Not for loan Collection code Home library Current library Shelving location Date acquired Source of acquisition Cost, normal purchase price Serial Enumeration / chronology Full call number Barcode Date last seen Cost, replacement price Price effective from Koha item type
    Library of Congress Classification     Books Judith Thomas Library Judith Thomas Library General Stacks 04/12/2013 Donation, Dr. Hans LaRondelle 25.00 AUA013908 BX 1765 .H45 1948 AUA013908 04/12/2013 25.00 04/12/2013 Books